1895 1494 1386 1486 1758 1713 1807 1439 1322 1750 1657 1102 1562 1789 1657 1457 1654 1049 1804 1024 1535 1722 1881 1892 1694 1201 1507 1325 1299 1906 1576 1509 1313 1268 1092 1678 1028 1970 1561 1112 1502 1606 1618 1078 1044 1874 1346 1849 1941 1776 1408 1661 1854 1346 1491 1669 1772 1002 1205 1306 1064 1869 1563 1069 1833 1536 1299 1679 1826 1566 1483 1310 1509 1644 1394 1963 1130 1870 1548 1196 1785 1623 1929 1236 1325 1071 1037 1062 1695 1260 1657 1547 1054 1481 1355 1984 1409 1224 1907 BCNSPRNW ULIB Ver.6.0+V

เปลี่ยนเป็นภาษาไทย

Change to English
 แสดงรายละเอียดบรรณานุกรม
  กลับหน้าหลัก

Brief Record : Get Marc (ISO 2709) : E-mail record : QR code < ปิดหน้าต่าง
LEADER : 00000nam 2200000uu 4500
001    13399114681
003     ULIB
008    120429s2550||||th 000 0 tha d
020    ^a9789749530078
060 04 ^aWB537^bพ887ค
100 0  ^aเพ็ญนภา ทรัพย์เจริญ
245 10 ^aคู่มือการนวดรักษาโรคแบบราชสำนัก /^cเพ็ญนภา ทรัพย์เจริญ ;บรรณาธิการ
250    ^aพิมพ์ครั้งที่ 1
260    ^aกรุงเทพฯ :^bมูลนิธิการแพทย์แผนไทยพัฒนา,^c2550
300    ^a199 หน้า :^bภาพประกอบ
440  0 ^aชุดคู่มืออบรมการนวดไทย
650  7 ^aการนวด
650  7 ^aนวดรักษาโรค
650  7 ^aการนวด^xแบบราชสำนัก
945    ^p270^l0^i18981
995    ^a เกษร
999    ^aใช้งานได้ทุกระบบ
รายการนี้ยังไม่มีแท็ก
คุณยังไม่ได้ล็อกอิน คุณสามารถมีกิจกรรมร่วมกับเว็บไซต์ได้ แต่ต้องล็อกอินก่อน ::
  ล็อกอิน

รายการสื่อสารสนเทศ

ลำดับที่ ประเภท เลขเรียก/บาร์โค้ด สถานที่ สถานะ
1. วิทยาศาสตร์การแพทย์ และสุขภาพ
วิทยาศาสตร์การแพทย์ และสุขภาพ
WB537 พ887ค  
  Barcode: 18981
ห้องสมุดวิทยาเขตสวรรค์ประชารักษ์
►ส่วนจัดเก็บหนังสือเก่า สปร
บนชั้น
  ขอยืม

รายการใกล้เคียง
    ผู้แต่ง [เพ็ญนภา ทรัพย์เจริญ]

    หัวเรื่อง [การนวด]

BibComment


ยังไม่เคยถูกคอมเมนท์

คอมเมนท์ทรัพยากรรายการนี้
  คอมเมนท์: คู่มือการนวดรักษ..


 Copyright 2026. Bcnsprnw @Library